| 000 | 00614nam a2200181Ia 4500 | ||
|---|---|---|---|
| 008 | 090630s9999 xx 000 0 und d | ||
| 082 | _b7721 | ||
| 100 | _aउजळंबकर कृष्णमुकुंद. | ||
| 245 |
_aधूर. _cउजळंबकर कृष्णमुकुंद. |
||
| 260 |
_bकालिंदी. _c1983 |
||
| 300 | _a185 | ||
| 600 | _aउजळंबकर कृष्णमुकुंद. | ||
| 630 | _aधूर. | ||
| 655 | _aकादंबरी. | ||
| 700 | _aउजळंबकर कृष्णमुकुंद. | ||
| 730 | _aधूर. | ||
| 942 | _cBOOK | ||
| 999 |
_c259577 _d259577 |
||